000 00699nam a2200289Ia 4500
005 20260324133021.0
008 008 260324s9999 xx 000 0 eng d
020 _a9780203362730
037 _aEBOOK
040 _aCRL
040 _beng
040 _cCRL
041 _2eng
041 _aeng
084 _qCRL
100 _aR. B. J. Walker; Costas M. Constantinou
_91191488
245 0 _aStates of Political Discourse
245 0 _bWords, Regimes, Seditions
260 _bTaylor and Francis
260 _c2004
365 _a
365 _b290
856 _uhttp://www.taylorfrancis.com/books/9780203362730
942 _cEBOOK
999 _c1790129
_d1790129